000 00757nam a2200241 i 4500
001 BD-DhSAU 7228
003 BD-DhSAU
005 20150520130526.0
008 751007s1975 ii 001 0 eng
040 _aBD-DhSAU
082 0 0 _a630.54
_222
_bSHA
100 1 _aShenoi, P. V.
245 1 0 _aAgricultural development in India :
_ba new strategy in management /
_cP. V. Shenoi ; foreword by M. S. Swaminathan.
260 _aDelhi :
_bVikas Pub. House ,
_c1975.
300 _axiv, 373 p. :
_c23 cm.
504 _aIncludes index.
590 _aimran
650 0 _aAgriculture
_zIndia.
650 0 _aAgricultural administration
_zIndia.
650 0 _aAgriculture
_xEconomic aspects
_zIndia.
650 0 _aAgriculture and state
_zIndia.
942 _2ddc
_cBOOK
999 _c7228
_d7228